| 000 | 01101nam a2200253 i 4500 | ||
|---|---|---|---|
| 001 | 167766 | ||
| 003 | ES-MaACL | ||
| 005 | 20250913121956.0 | ||
| 008 | 191118s1968 sp | |||||||| ||spa d | ||
| 245 | 0 | 0 |
_aEn los umbrales de una nueva edad / _cpor José María Jover Zamora, Juan Reglá Campistol, Fr. Luis María de Lojendio, O.S.B., Julio Salom Costa, Álvaro Castillo Pintado, Mario Hernández Sánchez-Barba, Mons. Federico Sopeña Ibáñez. |
| 260 |
_aMadrid : _bEspasa-Calpe, _c1968. |
||
| 300 |
_aXII, 912 p., [37] h. : _bil. col. y n., mapas col. y n. ; _c27 cm. |
||
| 650 | 0 | 4 |
_aHistoria contemporánea- _yS.XX _913396 |
| 700 | 1 |
_aJover Zamora, José María, _d1920-2006 _967068 |
|
| 700 | 1 |
_aReglá, Juan, _d1917-1973 _995897 |
|
| 700 | 1 |
_aLojendio, Luis María de. _973151 |
|
| 700 | 1 |
_aSalom Costa, Julio. _9168763 |
|
| 700 | 1 |
_aCastillo Pintado, Alvaro. _936762 |
|
| 700 | 1 |
_aHernández Sánchez-Barba, Mario, _d1925-2021 _963053 |
|
| 700 | 1 |
_aSopeña Ibáñez, Federico, _d1917-1991 _9107321 |
|
| 852 |
_aES-MaACL _jP-1045-11 |
||
| 942 | _2udc | ||
| 999 |
_c167766 _d167766 |
||